Vista normal
Vista MARC
Entrada Topical Term
Número de registros utilizados en: 1
001 - CONTROL NUMBER
- control field: 12538
003 - CONTROL NUMBER IDENTIFIER
- control field: OSt
005 - DATE AND TIME OF LATEST TRANSACTION
- control field: 20201210171221.0
008 - FIXED-LENGTH DATA ELEMENTS
- fixed length control field: 201210|| aca||aabn | a|a d
040 ## - CATALOGING SOURCE
- Original cataloging agency: OSt
- Transcribing agency: OSt
150 ## - HEADING--TOPICAL TERM
- Topical term or geographic name entry element: Control de proyectos
- General subdivision: Programa de computador
670 ## - SOURCE DATA FOUND
- Source citation: Work cat.: (OSt)6137: Toro López, Francisco J., autor 12537, Portafolio de proyectos con Excel y Project 2013 /, 2014